LIBRARY & INFORMATION CENTRE, KCAET, TAVANUR

ONLINE PUBLIC ACCESS CATALOGUE (OPAC)

Irrigation practice and Design, Vol I / (Record no. 1349)

MARC details
000 -LEADER
fixed length control field 00526cam a2200205ua 4500
041 ## - LANGUAGE CODE
Language code of text/sound track or separate title eng
082 ## - DEWEY DECIMAL CLASSIFICATION NUMBER
Classification number 631.587
Item number KHU/IR
100 ## - MAIN ENTRY--AUTHOR NAME
Personal name Khushalani, K.B .
245 ## - TITLE STATEMENT
Title Irrigation practice and Design, Vol I /
250 ## - EDITION STATEMENT
Edition statement 5 /
260 ## - PUBLICATION, DISTRIBUTION, ETC. (IMPRINT)
Place of publication :
Name of publisher Oxford & IBH Publishing company ,
Year of publication 1984.
300 ## - PHYSICAL DESCRIPTION
Number of Pages 495 ; .
700 1# - ADDED ENTRY--PERSONAL NAME
Personal name Manohar, Khushalani .
942 ## - ADDED ENTRY ELEMENTS (KOHA)
Koha item type Books
Holdings
Withdrawn status Lost status Damaged status Home library Current library Date acquired Full call number Accession Number Koha item type
Withdrawn   Damaged KAUAET KAUAET 07/04/2012 631.587 18609 Books
      KAUAET KAUAET 20/08/1986 631.587 15405 Books
free website counter